Seminar Antarabangsa Mengenai Perpaduan Ummah (1987 September 28-30:Kuala Lumpur) Kumpulan kertas kerja/Anjuran bahagian Hal Ehwal Islam Jabatan Perdana Menteri, Kuala Lumpur

Bibliographic Details
Format: Book

MARC

LEADER 00000cam a2200000 7i4500
001 0000006385
005 20000204.0
040 |a INS 
090 0 0 |a S27 
245 0 0 |a Seminar Antarabangsa Mengenai Perpaduan Ummah (1987 September 28-30:Kuala Lumpur) Kumpulan kertas kerja/Anjuran bahagian Hal Ehwal Islam Jabatan Perdana Menteri, Kuala Lumpur 
999 |a S000000082   |b BOOK   |c Seminar   |e Default branch 
999 |a S000000647   |b BOOK   |c Seminar   |e Default branch